Geography Quiz

Random Geography or World Quiz

Taller Than the Eiffel Tower Quiz Stats

 Plays Quiz Updated Jun 25, 2018

Also try: Click Me a River
Challenge
Share
Tweet
Embed
Score 0/10 Timer 04:00
2 Plays Today
% Correct
Empire State Building
92.7%
CN Tower
87.5%
Burj Khalifa
81.2%
Tokyo Tower
79.7%
Taipei 101
71.7%
Angel Falls
71.5%
Willis Tower
67.6%
Stratosphere Tower
66.9%
Uluru (Ayers Rock)
30.2%
Fernsehturm (Berlin)
27.4%

You're not logged in!

Compare scores with friends on all Sporcle quizzes.
OR
Log In

You Might Also Like...

Show Comments

Extras

Top Quizzes Today


Score Distribution

Your Account Isn't Verified!

In order to create a playlist on Sporcle, you need to verify the email address you used during registration. Go to your Sporcle Settings to finish the process.

Report this User

Report this user for behavior that violates our Community Guidelines.

Details: